53 pokusov, ako byť lepší : Všetko, čo už vieš, ale potrebuješ počuť znova. /

Salvato in:
Dettagli Bibliografici
Autore principale: Ptačin, Jakub (Autore)
Natura: Libro
Lingua:slovacco
Pubblicazione: Bratislava : Vydavateľstvo Premedia, 2020
Edizione:1. vydanie
Soggetti:
Tags: Aggiungi Tag
Nessun Tag, puoi essere il primo ad aggiungerne!!

MARC

LEADER 00000nam a22000003a 4500
001 0090250
003 SK-STU
005 20210914160302.9
007 ta
008 210912s ----xo-----e------000-0-----d
020 |a 978-80-8159-858-6 
040 |a STU  |b slo 
041 0 |a slo 
044 |a xo 
100 1 |a Ptačin, Jakub  |4 aut 
245 1 0 |a 53 pokusov, ako byť lepší :  |b Všetko, čo už vieš, ale potrebuješ počuť znova. /  |c aut. Jakub Ptačin 
250 |a 1. vydanie 
260 |a Bratislava :  |b Vydavateľstvo Premedia,  |c 2020 
300 |a 163 s. 
650 0 7 |a návody 
650 0 7 |a motivačná technika 
650 0 7 |a pracovná motivácia 
650 0 7 |a osobná motivácia 
650 0 7 |a učenie sa 
996 |b 284AU09068  |c A* 12348/U  |l AAKNST  |s P  |a 0  |w 0090250_0001 
996 |b 284AU09069  |c A* 12349/U  |l AAKNAR  |s A  |a 24  |w 0090250_0002 
996 |b 284AU09070  |c A* 12350/U  |l AAKNAR  |s A  |a 24  |w 0090250_0003 
996 |b 284AU09071  |c A* 12351/U  |l AAKNAR  |s A  |a 24  |w 0090250_0004 
996 |b 284AU09072  |c A* 12352/U  |l AAKNAR  |s A  |a 24  |w 0090250_0005